Bí quyết dùng người : (Ứng dụng trong kinh doanh và trong cuộc sống)

Nội dung sách bàn về cách dùng của các nhà kinh doanh, như dùng người theo đức, dùng người bởi cáci uy, dùng người bằng sự yêu quý, dùng người bằng cái riêng của họ để làm yên lòng họ, mọi người dùng minh và minh dùng mọi người. Những đ...

全面介紹

Đã lưu trong:
書目詳細資料
格式: 圖書
語言:Undetermined
出版: Hà Nội Từ điển Bách khoa 2008
主題:
標簽: 添加標簽
沒有標簽, 成為第一個標記此記錄!
Thư viện lưu trữ: Trung tâm Học liệu Trường Đại học Cần Thơ
LEADER 01086nam a2200205Ia 4500
001 CTU_132199
008 210402s9999 xx 000 0 und d
020 |c 29000 
082 |a 158.1 
082 |b B300 
245 0 |a Bí quyết dùng người : 
245 0 |b (Ứng dụng trong kinh doanh và trong cuộc sống) 
245 0 |c Tạ Ngọc Ái (biên soạn) 
260 |a Hà Nội 
260 |b Từ điển Bách khoa 
260 |c 2008 
520 |a Nội dung sách bàn về cách dùng của các nhà kinh doanh, như dùng người theo đức, dùng người bởi cáci uy, dùng người bằng sự yêu quý, dùng người bằng cái riêng của họ để làm yên lòng họ, mọi người dùng minh và minh dùng mọi người. Những điều kiện kị khi dùng người. 
650 |a Psychology, applied,Business ethics,Tâm lý, ứng dụng,Đạo đức kinh doanh 
904 |i Tuyến 
980 |a Trung tâm Học liệu Trường Đại học Cần Thơ